[Event "Calviá ol (Men)"]
[Site "Mallorca (Spain)"]
[Date "2004.10.15"]
[Round "1.52"]
[White "Mukabi, John"]
[Black "Maki-Uuro, Miikka"]
[Result "0-1"]
[WhiteElo "2105"]
[BlackElo "2390"]
[PlyCount "140"]
[EventDate "2004.10.15"]

1. e4 c6 2. Nf3 d5 3. e5 Bf5 4. d4 e6 5. Bd3 Bxd3 6. Qxd3 Qa5+ 7. Bd2 Qa6 8.
Qxa6 Nxa6 9. a3 c5 10. dxc5 Nxc5 11. Nc3 a6 12. O-O Ne7 13. Rfe1 Rc8 14. Rad1
Ng6 15. Nd4 Nd7 16. f4 Bc5 17. Nce2 O-O 18. Kh1 Rfe8 19. Be3 Nb6 20. Rd3 Nc4
21. Bc1 b5 22. Nb3 Ba7 23. Ned4 h6 24. Rf1 Rc7 25. c3 Nb6 26. Na5 Na4 27. Nac6
Bxd4 28. Nxd4 Nc5 29. Rdd1 Ne4 30. Be3 Rb7 31. Kg1 Nf8 32. Bf2 Nd7 33. Nb3 Rc7
34. Rd3 Ra8 35. Na5 h5 36. Rfd1 g5 37. fxg5 Nxe5 38. Rh3 Nxf2 39. Kxf2 Kg7 40.
Rxh5 Kg6 41. Rh3 Kxg5 42. Rg3+ Kf6 43. Ke2 Rh8 44. Rf1+ Ke7 45. h3 Rh4 46. b3
Re4+ 47. Kf2 d4 48. cxd4 Rxd4 49. Kg1 Rc2 50. Re1 Ng6 51. Ree3 Nf4 52. Kh2 Rdd2
53. Rc3 Rxg2+ 54. Rxg2 Rxc3 55. Rg3 Rc2+ 56. Kh1 Rc1+ 57. Kh2 Rc2+ 58. Kh1 e5
59. Re3 Ke6 60. Nb7 Kd5 61. h4 Kd4 62. Rg3 Rc1+ 63. Kh2 Rc2+ 64. Kh1 e4 65. Nd6
f6 66. Nf5+ Ke5 67. Ne3 Rc1+ 68. Kh2 Nd5 69. Nxd5 Kxd5 70. Rg6 e3 0-1

[Event "Calvia ol (Women)"]
[Site "Mallorca (Spain)"]
[Date "2004.10.15"]
[Round "1.5"]
[White "Sammalvuo, Niina"]
[Black "Zhukova, Natalia"]
[Result "0-1"]
[WhiteElo "2282"]
[BlackElo "2481"]
[PlyCount "96"]
[EventDate "2004.10.15"]

1. e4 e6 2. d3 d5 3. Nd2 Nf6 4. Ngf3 Nc6 5. c3 e5 6. b4 a6 7. a3 g6 8. Be2 Bg7
9. O-O O-O 10. Re1 Re8 11. Qc2 Nh5 12. Nf1 Nf4 13. Bxf4 exf4 14. exd5 Qxd5 15.
d4 Bf5 16. Bd3 Bxd3 17. Qxd3 b5 18. a4 Rad8 19. axb5 axb5 20. N1d2 f5 21. Qc2
h6 22. Qa2 Qxa2 23. Rxa2 Ne7 24. Kf1 Nd5 25. Ra3 g5 26. Re2 Rxe2 27. Kxe2 g4
28. Ne1 Re8+ 29. Kd1 h5 30. Nb1 g3 31. hxg3 fxg3 32. Nd3 gxf2 33. Nxf2 Ne3+ 34.
Kc1 Nc4 35. Ra2 Re1+ 36. Kc2 Bh6 37. Nd3 Ne3+ 38. Kb2 Re2+ 39. Kb3 Rxa2 40.
Kxa2 Nxg2 41. Na3 Nf4 42. Ne1 h4 43. Nf3 h3 44. Nxb5 Ne2 45. Nxc7 Ng1 46. Nxg1
h2 47. Nf3 h1=Q 48. Ne5 Qb7 0-1

[Event "Calvia ol (Women)"]
[Site "Mallorca (Spain)"]
[Date "2004.10.15"]
[Round "1.5"]
[White "Gaponenko, Inna"]
[Black "Rantanen, Tanja"]
[Result "1-0"]
[WhiteElo "2445"]
[BlackElo "2128"]
[PlyCount "111"]
[EventDate "2004.10.15"]

1. e4 e5 2. Nf3 Nf6 3. Nxe5 d6 4. Nf3 Nxe4 5. c4 d5 6. Nc3 Be6 7. Qe2 Nxc3 8.
dxc3 Bc5 9. Ng5 O-O 10. Nxe6 fxe6 11. Qxe6+ Kh8 12. Be3 Bxe3 13. fxe3 dxc4 14.
Rd1 Qh4+ 15. g3 Qh5 16. Bxc4 Re8 17. Be2 Rxe6 18. Bxh5 Nc6 19. Ke2 Ne5 20. Rd4
g6 21. Bf3 Nxf3 22. Kxf3 Rf8+ 23. Rf4 Rfe8 24. Re1 Kg7 25. Re2 R8e7 26. Ra4 a6
27. Rd4 Rf6+ 28. Rf4 Rfe6 29. g4 g5 30. Rf5 Kg6 31. e4 h5 32. gxh5+ Kxh5 33. h4
Re5 34. Rxe5 Rxe5 35. hxg5 Kxg5 36. Rd2 Re7 37. Rd8 Kf6 38. Rb8 b6 39. Rh8 Rf7
40. Ke3 Rg7 41. b4 Rg3+ 42. Kd4 Rg2 43. a4 Rd2+ 44. Kc4 Ra2 45. Rc8 Rxa4 46.
Rxc7 Ke5 47. Re7+ Kd6 48. Rh7 b5+ 49. Kd4 Ra1 50. Rh6+ Kd7 51. e5 Rd1+ 52. Kc5
Re1 53. Rh7+ Ke6 54. Rh8 Rxe5+ 55. Kb6 Re3 56. Re8+ 1-0

[Event "Calvia ol (Women)"]
[Site "Mallorca (Spain)"]
[Date "2004.10.15"]
[Round "1.5"]
[White "Puuska, Heini"]
[Black "Alexandrova, Olga"]
[Result "0-1"]
[WhiteElo "2023"]
[BlackElo "2442"]
[PlyCount "66"]
[EventDate "2004.10.15"]

1. d4 e6 2. e4 d5 3. exd5 exd5 4. Nf3 Nc6 5. Bb5 Bd6 6. O-O Nge7 7. c4 dxc4 8.
Bg5 O-O 9. Bxc6 bxc6 10. Nbd2 f6 11. Be3 Ba6 12. Re1 Nd5 13. Rc1 Nb4 14. Nxc4
Nxa2 15. Qa4 Nxc1 16. Qxa6 Nd3 17. Nxd6 Nxe1 18. Qc4+ Kh8 19. Nf7+ Rxf7 20.
Qxf7 Nxf3+ 21. gxf3 Qd5 22. Qxc7 Qxf3 23. Qb7 Qg4+ 24. Kf1 Qc8 25. Qb4 Rb8 26.
Qc3 Qb7 27. Bc1 Qb5+ 28. Kg1 h6 29. Qh3 Re8 30. Be3 Qxb2 31. Qd7 Qb1+ 32. Kg2
Qe4+ 33. Kf1 Rb8 0-1

[Event "Calviá ol (Men)"]
[Site "Mallorca (Spain)"]
[Date "2004.10.16"]
[Round "2.7"]
[White "Karttunen, Mika"]
[Black "Solak, Dragan"]
[Result "0-1"]
[WhiteElo "2413"]
[BlackElo "2563"]
[PlyCount "74"]
[EventDate "2004.10.15"]

1. d4 d6 2. c4 e5 3. Nf3 e4 4. Ng5 f5 5. g3 Nf6 6. Nc3 h6 7. Nh3 g5 8. f3 Bg7
9. Bg2 O-O 10. fxe4 Nxe4 11. Nxe4 fxe4 12. Nf2 Bf5 13. O-O Qe7 14. Be3 Nd7 15.
Rc1 Nf6 16. b4 d5 17. c5 Rf7 18. a4 Raf8 19. b5 Qe6 20. Qb3 Kh7 21. a5 Kg6 22.
Qa2 Re8 23. Qa4 h5 24. h3 Ref8 25. Qb3 Rh8 26. Kh2 Bf8 27. Bd2 Qd7 28. Kg1 c6
29. b6 a6 30. Kh2 Bg7 31. Nd1 h4 32. g4 Bxg4 33. hxg4 h3 34. Bh1 Nxg4+ 35. Kg1
Bxd4+ 36. e3 h2+ 37. Kg2 Nxe3+ 0-1

[Event "Calvia ol (Women)"]
[Site "Mallorca (Spain)"]
[Date "2004.10.16"]
[Round "2.30"]
[White "Sammalvuo, Niina"]
[Black "Lomibao, Sheerie Joy"]
[Result "1/2-1/2"]
[WhiteElo "2282"]
[BlackElo "2089"]
[PlyCount "135"]
[EventDate "2004.10.15"]

1. e4 e6 2. d3 b6 3. c3 Bb7 4. Nf3 d5 5. Nbd2 Nf6 6. Qc2 c5 7. Be2 Nc6 8. O-O
Qc7 9. Re1 Be7 10. Bf1 O-O 11. g3 Rac8 12. Bg2 b5 13. Nf1 dxe4 14. dxe4 Rcd8
15. h4 c4 16. N1h2 b4 17. Bf4 Qa5 18. Bf1 Ba6 19. Bg5 bxc3 20. bxc3 h6 21. Bf4
Bb5 22. a4 Ba6 23. Be2 e5 24. Bc1 Qc7 25. Nd2 Na5 26. Nhf1 Bc5 27. Ba3 Bxa3 28.
Rxa3 Qc5 29. Ra2 Nb3 30. Rb2 Na5 31. Ne3 Rd7 32. Reb1 Rfd8 33. Rb8 Kh7 34. Rxd8
Rxd8 35. Qa2 Rc8 36. Rb2 Qc6 37. Qb1 Qe6 38. Rb8 Nb3 39. Rxc8 Nxd2 40. Qc2 Qxc8
41. Qxd2 Qc6 42. Bd1 Nxe4 43. Qc2 g6 44. Bf3 f5 45. h5 Bb7 46. Bxe4 Qxe4 47.
Qxe4 Bxe4 48. Nxc4 Bc2 49. a5 e4 50. Nd6 Kg7 51. c4 Ba4 52. hxg6 Kxg6 53. Nc8
a6 54. Kf1 Kf6 55. Ke2 Ke5 56. Ke3 h5 57. Ne7 Be8 58. Nd5 Bf7 59. Nf4 Bxc4 60.
Nxh5 Bf7 61. Nf4 Be8 62. Ne2 Bb5 63. Nf4 Ba4 64. Ne2 Bb5 65. Nf4 Ba4 66. Ne2
Bb5 67. Nf4 Be8 68. Ne2 1/2-1/2

[Event "Calvia ol (Women)"]
[Site "Mallorca (Spain)"]
[Date "2004.10.16"]
[Round "2.30"]
[White "Mendoza, Beverly"]
[Black "Rantanen, Tanja"]
[Result "1-0"]
[WhiteElo "2131"]
[BlackElo "2128"]
[PlyCount "53"]
[EventDate "2004.10.15"]

1. e4 c5 2. Nc3 Nc6 3. g3 g6 4. Bg2 Bg7 5. d3 d6 6. Be3 Nd4 7. h3 e6 8. Nge2
Qa5 9. O-O Nxe2+ 10. Qxe2 Bxc3 11. bxc3 Qxc3 12. Rab1 Ne7 13. Rb3 Qg7 14. Qd2
Nc6 15. Bh6 Qf6 16. Bg5 Qg7 17. Bh6 Qf6 18. c3 Rg8 19. Bg5 Qg7 20. Qf4 Qf8 21.
Qh4 Ne5 22. d4 Nd7 23. e5 dxe5 24. dxe5 Nxe5 25. Rd1 Bd7 26. Bf6 Nc4 27. Rxb7
1-0

[Event "Calviá ol (Men)"]
[Site "Mallorca (Spain)"]
[Date "2004.10.17"]
[Round "3.23"]
[White "Nyback, Tomi"]
[Black "Dautov, Rustem"]
[Result "1/2-1/2"]
[WhiteElo "2554"]
[BlackElo "2623"]
[PlyCount "55"]
[EventDate "2004.10.15"]

1. d4 Nf6 2. c4 c6 3. Nf3 d5 4. Nc3 a6 5. h3 e6 6. e3 Nbd7 7. Qc2 Bd6 8. g4 h6
9. Bd2 dxc4 10. Bxc4 b5 11. Bd3 Bb7 12. g5 hxg5 13. Nxg5 Qe7 14. Rg1 c5 15.
Nce4 cxd4 16. Nxd6+ Qxd6 17. Bg6 O-O 18. Bxf7+ Rxf7 19. Nxf7 Kxf7 20. Qg6+ Ke7
21. Qxg7+ Ke8 22. exd4 Qxd4 23. Rd1 Qe4+ 24. Be3 Qb4+ 25. Rd2 Rc8 26. Qg6+ Ke7
27. Rg4 Bf3 28. Qg7+ 1/2-1/2

[Event "Calviá ol (Men)"]
[Site "Mallorca (Spain)"]
[Date "2004.10.17"]
[Round "3.23"]
[White "Lutz, Christopher"]
[Black "Sammalvuo, Tapani"]
[Result "1-0"]
[WhiteElo "2596"]
[BlackElo "2438"]
[PlyCount "61"]
[EventDate "2004.10.15"]

1. e4 c5 2. Nf3 d6 3. d4 cxd4 4. Nxd4 Nf6 5. Nc3 a6 6. Be3 e6 7. f3 b5 8. g4 h6
9. Qd2 Nbd7 10. O-O-O Bb7 11. h4 b4 12. Na4 d5 13. Bh3 Qa5 14. b3 dxe4 15. g5
hxg5 16. hxg5 exf3 17. Nxe6 fxe6 18. Bxe6 Rxh1 19. Bxd7+ Kf7 20. Rxh1 Ne4 21.
g6+ Kxg6 22. Qh2 Kf7 23. Qf4+ Nf6 24. Nb6 Be4 25. Kb2 g5 26. Qc7 Ra7 27. Qc4+
Kg6 28. Bd4 Bg7 29. Qe6 Rxd7 30. Nxd7 f2 31. Nf8+ 1-0

[Event "Calviá ol (Men)"]
[Site "Mallorca (Spain)"]
[Date "2004.10.17"]
[Round "3.23"]
[White "Karttunen, Mika"]
[Black "Gustafsson, Jan"]
[Result "0-1"]
[WhiteElo "2413"]
[BlackElo "2603"]
[PlyCount "154"]
[EventDate "2004.10.15"]

1. d4 Nf6 2. Bg5 d5 3. Bxf6 exf6 4. e3 Bd6 5. Nd2 c6 6. Bd3 f5 7. Ne2 g6 8. O-O
Nd7 9. b3 Nf6 10. c4 O-O 11. c5 Bc7 12. b4 Bd7 13. Rb1 b5 14. cxb6 axb6 15. Qc2
Ra3 16. Rb2 Re8 17. g3 Bd6 18. Rfb1 Ne4 19. Nf1 Qa8 20. f3 h5 21. Rc1 Nf6 22.
h4 Kg7 23. Qb1 Qa7 24. Rc3 Ra8 25. Rxa3 Qxa3 26. Nc1 Qa7 27. Kg2 Qb7 28. Qc2
Ra3 29. Qd2 Be6 30. Bb1 Bc8 31. Qc2 Qa8 32. Qe2 Bb7 33. Bd3 Rc3 34. Rc2 Rxc2
35. Qxc2 Bxb4 36. Be2 Qa3 37. Nd3 Bd6 38. Nd2 Qa8 39. Qb2 Ba6 40. Nc1 Bxe2 41.
Nxe2 Qa6 42. Kf2 Kg8 43. Qc2 Qa8 44. Nc1 c5 45. Qb2 Qd8 46. Ne2 Bc7 47. Nb3 c4
48. Nd2 Qd7 49. Nb1 Ne8 50. Nbc3 Qc6 51. a4 Bd6 52. Qb5 Qxb5 53. axb5 Nf6 54.
Na4 Bc7 55. Nec3 Kf8 56. Na2 Ke7 57. Nb4 Kd6 58. Nc3 Ke6 59. Na4 Bd6 60. Nc2
Ne8 61. Kg2 Nc7 62. Nc3 Be7 63. Kh3 Bf8 64. Kg2 f6 65. f4 Be7 66. Kf3 Ne8 67.
Ke2 Nd6 68. Nb4 Nxb5 69. Nbxd5 Nxc3+ 70. Nxc3 Kd6 71. Nb5+ Kd5 72. Kd2 Bb4+ 73.
Nc3+ Kc6 74. Kc2 b5 75. Kb2 Ba5 76. Kc2 b4 77. Ne2 Kd5 0-1

[Event "Calviá ol (Men)"]
[Site "Mallorca (Spain)"]
[Date "2004.10.17"]
[Round "3.23"]
[White "Kritz, Leonid"]
[Black "Maki-Uuro, Miikka"]
[Result "1-0"]
[WhiteElo "2543"]
[BlackElo "2390"]
[PlyCount "79"]
[EventDate "2004.10.15"]

1. e4 c6 2. d4 d5 3. exd5 cxd5 4. c4 Nf6 5. Nc3 Nc6 6. Bg5 Be6 7. c5 Ne4 8. Be3
g6 9. Bb5 Bg7 10. Nge2 O-O 11. O-O Bf5 12. Qa4 Nxc3 13. Nxc3 Nxd4 14. Bxd4 e5
15. Be3 a6 16. Be2 d4 17. Rad1 Qc7 18. Bd2 dxc3 19. Bxc3 Rfd8 20. Rxd8+ Qxd8
21. Rd1 Qc7 22. b4 Rd8 23. Rxd8+ Qxd8 24. c6 bxc6 25. Qxa6 e4 26. Qxc6 Bxc3 27.
Qxc3 Qd5 28. Qb2 Bc8 29. b5 Bb7 30. a4 e3 31. f3 g5 32. a5 g4 33. a6 Bc8 34.
Qc3 Be6 35. Qxe3 gxf3 36. gxf3 Qf5 37. b6 Qg6+ 38. Kh1 Kf8 39. Qc5+ Ke8 40.
Bb5+ 1-0

[Event "Calviá ol (Men)"]
[Site "Mallorca (Spain)"]
[Date "2004.10.17"]
[Round "3.43"]
[White "El-Zayat, Ahmed"]
[Black "Pukkila, Markku"]
[Result "0-1"]
[WhiteElo "1958"]
[BlackElo "2181"]
[PlyCount "54"]
[EventDate "2004.10.15"]

1. d4 d5 2. Nf3 Nf6 3. Bf4 e6 4. Nbd2 c5 5. e3 Nc6 6. c3 Be7 7. Bd3 a6 8. Ne5
Bd7 9. a4 c4 10. Bc2 b5 11. Nxd7 Nxd7 12. e4 Nf6 13. Qf3 b4 14. e5 Nd7 15. Nxc4
Rc8 16. Ne3 bxc3 17. bxc3 Qa5 18. O-O Qxc3 19. Qg4 g5 20. Bg3 h5 21. Qe2 h4 22.
Qxa6 Nb4 23. Qe2 Nxc2 24. Rfc1 Nxd4 25. Qd1 Qxc1 26. Rxc1 Rxc1 27. Qxc1 Ne2+
0-1

[Event "Calvia ol (Women)"]
[Site "Mallorca (Spain)"]
[Date "2004.10.17"]
[Round "3.38"]
[White "Munoz, Carolina"]
[Black "Sammalvuo, Niina"]
[Result "0-1"]
[WhiteElo "2091"]
[BlackElo "2282"]
[PlyCount "62"]
[EventDate "2004.10.15"]

1. e4 e5 2. Nf3 Nc6 3. d4 exd4 4. Nxd4 Nf6 5. Nxc6 bxc6 6. e5 Qe7 7. Qe2 Nd5 8.
c4 Ba6 9. b3 g5 10. h4 Bg7 11. Bb2 O-O-O 12. Nd2 Nb4 13. O-O-O c5 14. hxg5 Qxg5
15. a3 Nc6 16. Rh5 Qe7 17. f4 Kb8 18. Qg4 f6 19. exf6 Bxf6 20. Bxf6 Qxf6 21.
Rxc5 Qc3+ 22. Kb1 Nd4 23. Ka2 d5 24. Qh5 Bb7 25. Be2 Ne6 26. Rb5 c6 27. Rb4 a5
28. Rb6 Ka7 29. cxd5 Rxd5 30. Rxb7+ Kxb7 31. Qf7+ Nc7 0-1

[Event "Calvia ol (Men)"]
[Site "Mallorca (Spain)"]
[Date "2004.10.18"]
[Round "4.31"]
[White "Pukkila, Markku"]
[Black "Moreno Carnero, Javier"]
[Result "0-1"]
[WhiteElo "2181"]
[BlackElo "2512"]
[PlyCount "148"]
[EventDate "2004.10.15"]

1. e4 c5 2. Nf3 d6 3. Bb5+ Nd7 4. d4 Ngf6 5. Nc3 a6 6. Bxd7+ Nxd7 7. a4 e6 8.
Be3 Be7 9. O-O b6 10. Qe2 O-O 11. Rfd1 Bb7 12. d5 exd5 13. Nxd5 Bxd5 14. exd5
Bf6 15. c4 Re8 16. Qd2 Nf8 17. Re1 h6 18. Rab1 Qd7 19. b3 Ng6 20. h3 b5 21. Qc2
Rab8 22. axb5 axb5 23. b4 cxb4 24. Rxb4 Rbc8 25. Reb1 bxc4 26. Rxc4 Ne7 27. Qd3
Rxc4 28. Qxc4 Rc8 29. Qb5 Qf5 30. Rd1 g5 31. Qd3 Qxd3 32. Rxd3 Kh7 33. Nd2 Rc1+
34. Kh2 Rd1 35. Bd4 Bxd4 36. Rxd4 Nf5 37. Rd3 Kg6 38. g3 h5 39. Kg2 g4 40. hxg4
hxg4 41. f4 Rc1 42. Kf2 Rc2 43. Ke1 Rc8 44. Kf2 Rc2 45. Ke1 Rc8 46. Kf2 Rc1 47.
Ke2 Rh1 48. Nf1 Kf6 49. Kf2 Rh5 50. Kg2 Rh8 51. Kf2 Ra8 52. Nd2 Ra4 53. Nf1 Kg6
54. Ke2 Ra2+ 55. Rd2 Ra5 56. Rd3 Ra4 57. Kf2 Ra2+ 58. Nd2 Ng7 59. Kf1 Ra4 60.
Ke2 Nh5 61. Nf1 Kf5 62. Nd2 Ra2 63. Ke1 Ra1+ 64. Ke2 Nf6 65. Nf1 Ra2+ 66. Ke1
Ke4 67. Re3+ Kd4 68. Re7 Ne4 69. Rb7 Kd3 70. Rb3+ Nc3 71. Rxc3+ Kxc3 72. Ne3
Kd4 73. Nxg4 Kxd5 74. Nf6+ Kd4 0-1

[Event "Calvia ol (Men)"]
[Site "Mallorca (Spain)"]
[Date "2004.10.18"]
[Round "4.37"]
[White "Thamtavatvorn, Taweechai"]
[Black "Sammalvuo, Tapani"]
[Result "0-1"]
[WhiteElo "2214"]
[BlackElo "2438"]
[PlyCount "84"]
[EventDate "2004.10.15"]

1. d4 Nf6 2. c4 e6 3. Nf3 b6 4. g3 Ba6 5. b3 Bb4+ 6. Bd2 Be7 7. Bg2 c6 8. Bc3
d5 9. Ne5 Nbd7 10. Nxd7 Nxd7 11. Nd2 O-O 12. O-O Rc8 13. e4 c5 14. exd5 exd5
15. dxc5 dxc4 16. c6 cxb3 17. Re1 b2 18. Bxb2 Nc5 19. Qg4 Bf6 20. Bxf6 Qxf6 21.
Ne4 Qxc6 22. Nxc5 Qxc5 23. Qa4 Bb5 24. Qf4 Rfe8 25. Rec1 Qe7 26. Bd5 Bd7 27. h4
Be6 28. Bxe6 Qxe6 29. Rc7 Rxc7 30. Qxc7 Qe7 31. Rc1 h5 32. Qf4 Qe4 33. Qc7 Qa4
34. Rc2 Re1+ 35. Kg2 Qe4+ 36. f3 Re2+ 37. Rxe2 Qxe2+ 38. Kh3 Qxf3 39. Qc8+ Kh7
40. Qc2+ g6 41. Kh2 b5 42. Qc7 Qf2+ 0-1

[Event "Calvia ol (Men)"]
[Site "Mallorca (Spain)"]
[Date "2004.10.18"]
[Round "4.37"]
[White "Lehtinen, Heikki"]
[Black "Srivachirawat, Kannapon"]
[Result "1-0"]
[WhiteElo "2420"]
[BlackElo "2166"]
[PlyCount "77"]
[EventDate "2004.10.15"]

1. c4 e6 2. g3 d5 3. Bg2 Nf6 4. Nf3 Be7 5. O-O O-O 6. d4 dxc4 7. Qc2 a6 8. a4
Bd7 9. Qxc4 Bc6 10. Nc3 b5 11. Qd3 b4 12. Nb1 Be4 13. Qe3 Nbd7 14. b3 c5 15.
Bb2 Rc8 16. Nbd2 Bc2 17. Ne1 Bf5 18. Bb7 Rc7 19. Bxa6 Bh3 20. Ndf3 Bxf1 21.
Kxf1 cxd4 22. Bxd4 Nd5 23. Qd2 Bf6 24. Bc4 Bxd4 25. Qxd4 N5b6 26. Bb5 Qf6 27.
Nd3 Nd5 28. a5 Qxd4 29. Nxd4 e5 30. Bc4 exd4 31. Bxd5 Nf6 32. Bf3 Nd7 33. a6
Nb6 34. Nxb4 Rc3 35. Nd5 Rxf3 36. Nxb6 Rxb3 37. a7 Rxb6 38. a8=Q Rb1+ 39. Kg2
1-0

[Event "Calvia ol (Men)"]
[Site "Mallorca (Spain)"]
[Date "2004.10.18"]
[Round "4.37"]
[White "Theerapabpaisit, Wisuwat"]
[Black "Maki-Uuro, Miikka"]
[Result "0-1"]
[WhiteElo "2277"]
[BlackElo "2390"]
[PlyCount "130"]
[EventDate "2004.10.15"]

1. e4 c6 2. d4 d5 3. e5 Bf5 4. Nc3 Qb6 5. Nge2 e6 6. Ng3 Bg6 7. a4 a6 8. a5 Qc7
9. Na4 Qxa5+ 10. Bd2 Qc7 11. b4 b6 12. h4 f6 13. h5 Bf7 14. f4 f5 15. Bd3 Nh6
16. Qe2 Be7 17. Nb2 O-O 18. Nd1 c5 19. bxc5 bxc5 20. Ba5 Qa7 21. dxc5 Qxc5 22.
Qf2 d4 23. Qd2 Nc6 24. Nf2 Nxa5 25. Rxa5 Qb6 26. Ra4 Qc6 27. Rxd4 Qxg2 28. Nfe4
Qxd2+ 29. Nxd2 Ng4 30. Ke2 Bc5 31. Rd7 Be8 32. Rc7 Bf2 33. Ngf1 Bb6 34. Re7 Bc6
35. Nf3 Rae8 36. Rxe8 Rxe8 37. Bxa6 Rd8 38. Bc4 Kf7 39. N1d2 Rxd2+ 40. Kxd2
Bxf3 41. Re1 Bf2 42. Rf1 Be3+ 43. Kc3 Nf2 44. Kb4 Bxh5 45. Ra1 Nh3 46. Ra3 Bd2+
47. Kc5 Nxf4 48. Ra7+ Kg6 49. Kd6 Bb4+ 50. Kd7 Bc3 51. Kd6 Bb4+ 52. Kd7 Kg5 53.
Bxe6 Ng6 54. Bg8 Nxe5+ 55. Ke6 Bc3 56. Rxg7+ Ng6 57. Rc7 Be5 58. Rc5 Kf4 59.
Rc4+ Kg5 60. Bxh7 Bg3 61. Bxg6 Bxg6 62. Rc8 f4 63. Rg8 f3 64. Rf8 f2 65. Ra8
Bxc2 0-1

[Event "Calvia ol (Men)"]
[Site "Mallorca (Spain)"]
[Date "2004.10.18"]
[Round "4.37"]
[White "Molander, Riku"]
[Black "Saelee, Uaychai"]
[Result "1-0"]
[WhiteElo "2328"]
[BlackElo "2165"]
[PlyCount "105"]
[EventDate "2004.10.15"]

1. e4 d6 2. d4 Nf6 3. Nc3 g6 4. f4 Bg7 5. Nf3 O-O 6. Bd3 Nc6 7. O-O e5 8. dxe5
dxe5 9. f5 gxf5 10. exf5 e4 11. Nxe4 Bxf5 12. Nxf6+ Qxf6 13. Bg5 Qe6 14. Bxf5
Qxf5 15. c3 Qb5 16. Qb3 Qxb3 17. axb3 Rfe8 18. Rad1 Re2 19. Rf2 Rxf2 20. Kxf2
Na5 21. Rd7 Rc8 22. Nd2 Nc6 23. Bf4 Be5 24. Kg3 Bxf4+ 25. Kxf4 Nd8 26. Ne4 Kg7
27. Kf5 Ne6 28. Nf6 Nc5 29. Rd4 Kf8 30. Nxh7+ Ke7 31. Nf6 Nxb3 32. Re4+ Kd6 33.
h4 Nc5 34. Re8 Rxe8 35. Nxe8+ Kd7 36. Nf6+ Ke7 37. Nd5+ Kf8 38. Nxc7 Na4 39.
Nb5 a6 40. Nd6 Kg7 41. b3 Nxc3 42. Nxb7 Nd5 43. Ke5 Ne3 44. g3 f6+ 45. Ke4 Nf1
46. Kf4 Nd2 47. b4 Nc4 48. Ke4 Kg6 49. Nc5 a5 50. Kd4 Ne5 51. b5 Kh5 52. Kd5
Kg4 53. b6 1-0

[Event "Calvia ol (Women)"]
[Site "Mallorca (Spain)"]
[Date "2004.10.18"]
[Round "4.35"]
[White "Sammalvuo, Niina"]
[Black "Ui Laighleis, Gearoidin"]
[Result "1-0"]
[WhiteElo "2282"]
[BlackElo "1996"]
[PlyCount "97"]
[EventDate "2004.10.15"]

1. e4 e6 2. d3 d5 3. Nd2 Nf6 4. Ngf3 Nc6 5. c3 e5 6. b4 a6 7. a3 g6 8. Qc2 Bg7
9. g3 O-O 10. Bg2 Re8 11. O-O Rb8 12. Bb2 Bg4 13. h3 Bd7 14. c4 dxe4 15. dxe4
Qc8 16. Kh2 Nh5 17. c5 f6 18. Nc4 Bh6 19. Rad1 Ng7 20. Rfe1 Ne6 21. Ne3 Bg7 22.
Nd5 Ne7 23. Bf1 h5 24. a4 g5 25. b5 g4 26. Ng1 Nxd5 27. exd5 Ng5 28. h4 Nf3+
29. Nxf3 gxf3 30. Qb3 Kh8 31. Bc1 Bg4 32. Be3 Bf5 33. Qc4 axb5 34. axb5 Bg4 35.
Qc1 Bf5 36. Qd2 Bg4 37. Ra1 Bf5 38. Ra3 Bg4 39. Rea1 Rd8 40. Ra7 Bf5 41. Bh6
Bg4 42. b6 cxb6 43. c6 Bf5 44. Qc1 Rxd5 45. c7 Rc5 46. cxb8=Q Qxb8 47. Ra8 Rxc1
48. Rxb8+ Kh7 49. Bxc1 1-0

[Event "Calvia ol (Men)"]
[Site "Mallorca (Spain)"]
[Date "2004.10.19"]
[Round "5.23"]
[White "Sammalvuo, Tapani"]
[Black "Iordachescu, Viorel"]
[Result "1/2-1/2"]
[WhiteElo "2438"]
[BlackElo "2632"]
[PlyCount "94"]
[EventDate "2004.10.15"]

1. e4 e5 2. Nf3 Nf6 3. Nxe5 d6 4. Nf3 Nxe4 5. d4 d5 6. Bd3 Nc6 7. O-O Be7 8. c4
Nb4 9. Be2 Be6 10. Nc3 O-O 11. Ne5 f6 12. Nf3 Kh8 13. Qb3 a5 14. cxd5 a4 15.
Qd1 Bxd5 16. Nxd5 Qxd5 17. a3 Nc6 18. Bf4 Na5 19. Qc2 Bd6 20. Bd3 Bxf4 21. Bxe4
Qh5 22. Qc3 Bd6 23. Rae1 Ra6 24. h3 Rb6 25. Re2 Rb3 26. Qc2 b5 27. Bd5 Nc4 28.
Bxc4 bxc4 29. Re3 Qb5 30. Nd2 Rxb2 31. Qxc4 Bf4 32. Qxb5 Rxb5 33. Rd3 Rd8 34.
g3 Be5 35. Nf3 Bd6 36. Rc1 Ra8 37. Nd2 Kg8 38. Nc4 Bf8 39. Nd2 Ra7 40. Kg2 Rb2
41. Ne4 Ra2 42. Nc5 Kf7 43. Rc4 c6 44. Nxa4 Rxa3 45. Rxa3 Bxa3 46. Nb6 Bb2 47.
Rxc6 Bxd4 1/2-1/2

[Event "Calvia ol (Men)"]
[Site "Mallorca (Spain)"]
[Date "2004.10.19"]
[Round "5.23"]
[White "Sanduleac, Vasile"]
[Black "Karttunen, Mika"]
[Result "1-0"]
[WhiteElo "2486"]
[BlackElo "2413"]
[PlyCount "85"]
[EventDate "2004.10.15"]

1. e4 c5 2. Nf3 e6 3. d3 Nc6 4. g3 g6 5. Bg2 Bg7 6. O-O Nge7 7. c3 e5 8. a3 O-O
9. b4 d6 10. Nbd2 h6 11. Rb1 Kh7 12. b5 Nb8 13. d4 Nd7 14. dxe5 Nxe5 15. Nxe5
dxe5 16. Qe2 a6 17. Nc4 Be6 18. bxa6 bxa6 19. Be3 Qc7 20. Nb6 Ra7 21. Na4 Qc6
22. Nxc5 Rc7 23. Rfc1 Ra8 24. a4 Nc8 25. a5 Bf8 26. Nxe6 Qxe6 27. h4 Bc5 28. h5
g5 29. Bf1 Kg7 30. Qf3 Raa7 31. Kh2 g4 32. Qe2 Rc6 33. Kg1 Bxe3 34. Qxe3 Rac7
35. Rb8 Rc5 36. Rb7 R7c6 37. Bxa6 Rxa5 38. Bb5 Rd6 39. c4 Rd4 40. c5 Na7 41.
Rb6 Rxb5 42. Rxe6 fxe6 43. Qe2 1-0

[Event "Calvia ol (Men)"]
[Site "Mallorca (Spain)"]
[Date "2004.10.19"]
[Round "5.23"]
[White "Lehtinen, Heikki"]
[Black "Khruschiov, Alexey"]
[Result "0-1"]
[WhiteElo "2420"]
[BlackElo "2440"]
[PlyCount "62"]
[EventDate "2004.10.15"]

1. c4 e5 2. g3 d6 3. Bg2 f5 4. Nc3 Nf6 5. d3 g6 6. e4 Nc6 7. Nge2 Bg7 8. O-O
O-O 9. Nd5 Be6 10. Bg5 Qd7 11. Qd2 Rf7 12. f4 fxe4 13. Bxf6 exd3 14. Nec3 Bxf6
15. Nxf6+ Rxf6 16. Ne4 Rff8 17. fxe5 dxe5 18. Nf6+ Rxf6 19. Rxf6 Bxc4 20. Raf1
Rd8 21. b3 Qd4+ 22. R1f2 e4 23. Qh6 Qxf6 24. Rxf6 d2 25. Rf8+ Rxf8 26. Qxd2 Bd3
27. h4 Re8 28. h5 e3 29. Qxd3 e2 30. Bd5+ Kg7 31. Qc3+ Re5 0-1

[Event "Calvia ol (Women)"]
[Site "Mallorca (Spain)"]
[Date "2004.10.19"]
[Round "5.22"]
[White "Berezina, Irina"]
[Black "Sammalvuo, Niina"]
[Result "1/2-1/2"]
[WhiteElo "2281"]
[BlackElo "2282"]
[PlyCount "41"]
[EventDate "2004.10.15"]

1. Nf3 Nf6 2. g3 e6 3. Bg2 d5 4. O-O Be7 5. d3 O-O 6. Nbd2 Nc6 7. c4 Re8 8. a3
a5 9. b3 Bc5 10. Qc2 d4 11. Ne4 Nxe4 12. dxe4 e5 13. Ne1 b6 14. Nd3 Bd7 15. Bd2
Bf8 16. b4 Qe7 17. f4 f6 18. f5 Ra7 19. g4 axb4 20. axb4 Rea8 21. Rxa7 1/2-1/2

[Event "Calvia ol (Women)"]
[Site "Mallorca (Spain)"]
[Date "2004.10.19"]
[Round "5.22"]
[White "Rantanen, Tanja"]
[Black "Sorokina, Anastasia"]
[Result "1/2-1/2"]
[WhiteElo "2128"]
[BlackElo "2199"]
[PlyCount "85"]
[EventDate "2004.10.15"]

1. e4 c5 2. c3 d5 3. exd5 Qxd5 4. d4 e6 5. Nf3 Nf6 6. Bd3 cxd4 7. cxd4 Nc6 8.
Nc3 Qd6 9. O-O Be7 10. Bg5 h6 11. Be3 O-O 12. Qd2 Nb4 13. Bf4 Qd8 14. Bb1 Re8
15. Ne5 Bf8 16. a3 Nbd5 17. Bg3 g6 18. Bh4 Bg7 19. Qd3 Qd6 20. Bg3 Qf8 21. Nc4
Rd8 22. Nb5 Ne8 23. Nc3 b6 24. Ne3 Bb7 25. Nexd5 Bxd5 26. Qe3 Bc4 27. Rd1 Rac8
28. Be4 Nd6 29. Bc2 Ba6 30. Be5 Nc4 31. Qc1 Nxe5 32. dxe5 Rxd1+ 33. Qxd1 Bxe5
34. Qd7 Rc7 35. Qa4 Qc8 36. Rd1 Bxc3 37. bxc3 Rxc3 38. Qh4 Kh7 39. Qf6 Rxc2 40.
Qxf7+ Kh8 41. Qf6+ Kh7 42. Qf7+ Kh8 43. Qf6+ 1/2-1/2

[Event "Calvia ol (Men)"]
[Site "Mallorca (Spain)"]
[Date "2004.10.20"]
[Round "6.36"]
[White "Nyback, Tomi"]
[Black "Sharavdorj, Dashzeveg"]
[Result "1-0"]
[WhiteElo "2554"]
[BlackElo "2466"]
[PlyCount "53"]
[EventDate "2004.10.15"]

1. d4 Nf6 2. c4 e6 3. Nf3 b6 4. g3 Ba6 5. b3 Bb7 6. Bg2 Bb4+ 7. Bd2 a5 8. O-O
O-O 9. Nc3 d6 10. Qc2 Nbd7 11. Rfd1 h6 12. d5 e5 13. Nh4 Nc5 14. a3 Bxc3 15.
Bxc3 a4 16. b4 Nb3 17. Rab1 Bc8 18. c5 bxc5 19. bxc5 Nd7 20. c6 Ndc5 21. Nf5
Qg5 22. e4 Bxf5 23. exf5 g6 24. f4 exf4 25. gxf4 Qh5 26. Re1 gxf5 27. Re3 1-0